第75回安田記念 出走馬 - Statistics

General Stats
  • This quiz has been taken 17 times
  • The average score is 7 of 18
Answer Stats
着順 枠番 馬番 馬名 性齢 騎手名 単勝
人気
% Correct
1 5 10 ジャンタルマンタル 牡4 川田将雅 2
93%
3 7 13 ソウルラッシュ 牡7 浜中俊 1
86%
2 4 7 ガイアフォース 牡6 吉村誠之助 9
71%
6 5 9 シャンパンカラー 牡5 内田博幸 14
50%
5 2 4 ウインマーベル 牡6 松山弘平 11
43%
7 4 8 エコロヴァルツ 牡4 M.デムーロ 7
43%
11 8 17 ジュンブロッサム 牡6 武豊 6
36%
12 1 1 シックスペンス 牡4 C.ルメール 3
36%
13 6 12 ロングラン セン7 岩田康誠 15
36%
4 8 18 ブレイディヴェーグ 牝5 戸崎圭太 4
29%
9 7 14 ウォーターリヒト 牡4 菅原明良 5
29%
15 3 5 レッドモンレーヴ 牡6 M.ディー 12
29%
8 6 11 サクラトゥジュール セン8 D.レーン 13
21%
10 2 3 マッドクール 牡6 坂井瑠星 10
21%
17 8 16 トロヴァトーレ 牡4 横山武 8
14%
14 1 2 ダディーズビビット 牡7 池添謙一 16
7%
16 3 6 グラティアス 牡7 横山和生 17
7%
18 7 15 ホウオウリアリティ 牡7 丹内祐次 18
7%
No matching quizzes found
Score Distribution
Percent of People with Each Score
Percentile by Number Answered
Your Score History
You have not taken this quiz